DUYARLI DAVRANIŞLAR (Record no. 711950)

MARC details
000 -LEADER
sabit uzunluktaki kontrol alanı 00243nam a2200097Ia 4500
001 - KONTROL NUMARASI
kontrol alanı 711950
005 - EN SON İŞLEMİN TARİH VE ZAMANI
kontrol alanı 20250826162818.0
008 - SABİT-UZUNLUKTA VERİ ÖĞELERİ--GENEL BİLGİ
sabit uzunluktaki kontrol alanı 250824s9999 xx 000 0 und d
245 #0 - ESER / YAZAR
ESER ADI DUYARLI DAVRANIŞLAR
Yazar Adı İPEK ONGUN
260 ## - YAYIN, DAĞITIM, VB.
YAYIN EVİ ARTEMİS YAYINLARI
Holdings
Düşüm durumu Kayıp durumu Hasar Durumu Ödünç verilmez Ana kütüphane Geçerli Kütüphane Edinilen tarih Toplam ödünç verme sayısı Barkod Son görüntüleme tarihi Fiyatın geçerli olmaya başladığı tarih Koha materyal türü
        SELÇUKLU FEN LİSESİ SELÇUKLU FEN LİSESİ 24.08.2025   1030573 26.08.2025 26.08.2025 Books